Kauai : (Record no. 9691)
[ view plain ]
| 000 -LEADER | |
|---|---|
| fixed length control field | 00875nam a2200277 a 4500 |
| 001 - CONTROL NUMBER | |
| control field | 4381788 |
| 003 - CONTROL NUMBER IDENTIFIER | |
| control field | OSt |
| 005 - DATE AND TIME OF LATEST TRANSACTION | |
| control field | 20140310182131.0 |
| 008 - FIXED-LENGTH DATA ELEMENTS--GENERAL INFORMATION | |
| fixed length control field | 910320s1991 orua b 001 0 eng |
| 010 ## - LIBRARY OF CONGRESS CONTROL NUMBER | |
| LC control number | 91071623 |
| 020 ## - INTERNATIONAL STANDARD BOOK NUMBER | |
| International Standard Book Number | 0961263032 : |
| Terms of availability | $12.95 |
| 040 ## - CATALOGING SOURCE | |
| Original cataloging agency | DLC |
| Transcribing agency | DLC |
| 043 ## - GEOGRAPHIC AREA CODE | |
| Geographic area code | n-us-hi |
| 050 00 - LIBRARY OF CONGRESS CALL NUMBER | |
| Classification number | GV 199.42.H32 |
| Item number | .C542 1991 |
| 082 00 - DEWEY DECIMAL CLASSIFICATION NUMBER | |
| Classification number | HS 919.69 |
| Item number | Ch44 1991 |
| 100 1# - MAIN ENTRY--PERSONAL NAME | |
| Personal name | Chisholm, Craig. |
| 9 (RLIN) | 14694 |
| 245 10 - TITLE STATEMENT | |
| Title | Kauai : |
| Statement of responsibility, etc | Craig Chisholm |
| Remainder of title | hiking trails / |
| 260 ## - PUBLICATION, DISTRIBUTION, ETC. (IMPRINT) | |
| Place of publication, distribution, etc | Lake Oswego, Or. : |
| Name of publisher, distributor, etc | Fernglen Press, |
| Date of publication, distribution, etc | c1991. |
| 300 ## - PHYSICAL DESCRIPTION | |
| Extent | 120 p. : |
| Other physical details | ill. (some col.) ; |
| Dimensions | 23 cm. |
| 650 #0 - SUBJECT ADDED ENTRY--TOPICAL TERM | |
| Topical term or geographic name as entry element | Hiking |
| Geographic subdivision | Hawaii |
| -- | Kauai |
| General subdivision | Guidebooks. |
| 9 (RLIN) | 14695 |
| 651 #0 - SUBJECT ADDED ENTRY--GEOGRAPHIC NAME | |
| Geographic name | Kauai (Hawaii) |
| General subdivision | Description and travel. |
| 9 (RLIN) | 14696 |
| 906 ## - LOCAL DATA ELEMENT F, LDF (RLIN) | |
| a | 7 |
| b | cbc |
| c | orignew |
| d | 2 |
| e | opcn |
| f | 19 |
| g | y-gencatlg |
| 942 ## - ADDED ENTRY ELEMENTS (KOHA) | |
| Source of classification or shelving scheme | Library of Congress Classification |
| Koha item type | |
| Withdrawn status | Lost status | Source of classification or shelving scheme | Damaged status | Home library | Current library | Shelving location | Date acquired | Total Checkouts | Full call number | Barcode | Date last seen | Copy number | Price effective from | Koha item type |
|---|---|---|---|---|---|---|---|---|---|---|---|---|---|---|
| Library of Congress Classification | Luxembourg Library | Luxembourg Library | High School Section | 08/28/2013 | GV 199.42.H32 .C542 1991 | 9162 | 08/28/2013 | 1 | 08/28/2013 | Books |